| 000 | 00597nam a22001937a 4500 | ||
|---|---|---|---|
| 999 |
_c15374 _d15374 |
||
| 003 | AR-CdUCM | ||
| 008 | 190426b ||||| |||| 00| 0 spa d | ||
| 020 | _a968-494-011-4 | ||
| 040 |
_aMUNICIPALIDAD PROVINCIAL DEL CUSCO _cBIBLIOTECA MUNICIPAL DEL CUSCO |
||
| 082 |
_aEP / 869.103 / _bM77 |
||
| 100 |
_aMontes de Oca, Marco Antonio _915135 |
||
| 245 | _aEl niño pintor / | ||
| 260 |
_aMéxico : _bCIDCLI, S.A _c1984. |
||
| 300 |
_a35 paginas ; _bIlustraciones, _c21 cm. |
||
| 650 |
_aLiteratura infantil _9588 |
||
| 650 |
_aCuento _94671 |
||
| 942 |
_2ddc _cFOLLETOS |
||
| 945 |
_arjall _d2019-04-26 |
||